00458nam a2200181Ia 4500003000400000005001700004008004100021020001700062040000700079041000800086082002100094100001500115245006400130260003000194300001600224365001600240650002000256OSt20230516110855.0210423s2012 xx 000 0 und d a978143949040 cAL aeng a664.024 HUIY223 aHUI (Y H). aHandbook of plant based fermented food beverage technology. aNew YorkbCRC Pressc2012 axix,801bHB b9767.4cINR aFood Technology